Piping Calculations Manual / (Record no. 2168)
[ view plain ]
| 000 -LEADER | |
|---|---|
| fixed length control field | 01196nac a22002411u 4500 |
| 008 - FIXED-LENGTH DATA ELEMENTS--GENERAL INFORMATION | |
| fixed length control field | 100901t xxu||||| |||| 00| 0 eng d |
| 010 ## - LIBRARY OF CONGRESS CONTROL NUMBER | |
| LC control number | 2004063177 |
| 020 ## - INTERNATIONAL STANDARD BOOK NUMBER | |
| International Standard Book Number | 0071440909 (acid-free) |
| 082 00 - DEWEY DECIMAL CLASSIFICATION NUMBER | |
| Classification number | 621.8672 |
| Item number | MEN |
| 100 ## - MAIN ENTRY--PERSONAL NAME | |
| Personal name | Menon, E. Shashi. |
| 9 (RLIN) | 17784 |
| 245 10 - TITLE STATEMENT | |
| Title | Piping Calculations Manual / |
| Statement of responsibility, etc | E. Shashi Menon. |
| 260 ## - PUBLICATION, DISTRIBUTION, ETC. (IMPRINT) | |
| Place of publication, distribution, etc | New York : |
| Name of publisher, distributor, etc | McGraw-Hill,2005 |
| Date of publication, distribution, etc | 2005. |
| 300 ## - PHYSICAL DESCRIPTION | |
| Extent | xvii, 666 p. : |
| Other physical details | ill. ; |
| Dimensions | 23 cm. |
| 490 ## - Series Statement | |
| -- | 11295 |
| Series statement | McGraw-Hill professional engineering |
| 490 ## - Series Statement | |
| -- | 17786 |
| Series statement | McGraw-Hill Calculations |
| 504 ## - BIBLIOGRAPHY, ETC. NOTE | |
| Bibliography, etc | Includes bibliographical references (p. 661) and index. |
| 650 #0 - SUBJECT ADDED ENTRY--TOPICAL TERM | |
| Topical term or geographic name as entry element | Pipelines |
| General subdivision | Design and construction |
| Form subdivision | Handbooks, manuals, etc. |
| 9 (RLIN) | 17785 |
| 856 42 - ELECTRONIC LOCATION AND ACCESS | |
| Materials specified | Contributor biographical information |
| Uniform Resource Identifier | <a href="http://www.loc.gov/catdir/enhancements/fy0619/2004063177-b.html">http://www.loc.gov/catdir/enhancements/fy0619/2004063177-b.html</a> |
| 856 42 - ELECTRONIC LOCATION AND ACCESS | |
| Materials specified | Publisher description |
| Uniform Resource Identifier | <a href="http://www.loc.gov/catdir/enhancements/fy0619/2004063177-d.html">http://www.loc.gov/catdir/enhancements/fy0619/2004063177-d.html</a> |
| 856 42 - ELECTRONIC LOCATION AND ACCESS | |
| Materials specified | Table of contents only |
| Uniform Resource Identifier | <a href="http://www.loc.gov/catdir/">http://www.loc.gov/catdir/</a> |
| 942 ## - ADDED ENTRY ELEMENTS (KOHA) | |
| Item type | Book - Borrowing |
| Call number prefix | 621.8672MEN |
| Source of classification or shelving scheme | Dewey Decimal Classification |
| Withdrawn status | Item status | Source of classification or shelving scheme | Damaged status | Not for loan | Vendor | Home library | Current library | Shelving location | Date acquired | Source of acquisition | Cost, normal purchase price | Total Checkouts | Total Renewals | Full call number | Barcode | Date last seen | Date last borrowed | Cost, replacement price | Koha item type |
|---|---|---|---|---|---|---|---|---|---|---|---|---|---|---|---|---|---|---|---|
| Dewey Decimal Classification | Central Library | Central Library | First floor | 01/09/2010 | 750.00 | 6 | 71 | 621.8672 MEN | 000002022 | 15/07/2025 | 14/11/2016 | 937.50 | Book - Borrowing |